000 00698nam a2200241Ia 4500
001 Para_9228
003 CHAP
008 220125s2006 xx 000 0 und d
010 _a207967
040 _cCHAP
090 _aCD 20
111 _aSimposio nacional de parasitología agrícola: Desarrollo y tecnología aplicada a la fitosanidad (32:2006:s/l)
_9174412
245 _aMemoria /
_c por Ingenieros Agrónomos Parasitólogos
260 _as/l :
_b IAP
650 _aParasitología
_x congresos
_985470
901 _aCD 20
902 _aM
905 _a0000002006 0000000000 00
910 _a2006
942 _cPARA
942 _cPARA
_d5
999 _c207967
_d207967